| Tag |
First Indicator |
Second Indicator |
Subfields |
| LEADER |
00000cam a2200000 4500 |
| 001 |
in00001034310 |
| 005 |
20150928152050.0 |
| 008 |
821206s1937 xx 00000 eng d |
| 035 |
|
|
|a (OCoLC)09024823
|
| 035 |
|
|
|9 AFH2705AM
|
| 040 |
|
|
|a SOI
|c SOI
|d TXA
|d UtOrBLW
|
| 049 |
|
|
|a TXAM
|
| 090 |
|
|
|a GN776.2.A1
|b B69 1937
|
| 100 |
1 |
|
|a Bowler-Kelley, Alice.
|
| 245 |
1 |
0 |
|a Lower and middle palaeolithic facies in Europe and Africa.
|
| 264 |
|
1 |
|a [Place of publication not identified],
|b [publisher not identified] ;
|c [1937?]
|
| 300 |
|
|
|a 31 pages :
|b illustrations ;
|c 24 cm.
|
| 336 |
|
|
|a text
|b txt
|2 rdacontent
|
| 337 |
|
|
|a unmediated
|b n
|2 rdamedia
|
| 338 |
|
|
|a volume
|b nc
|2 rdacarrier
|
| 500 |
|
|
|a Cover title.
|
| 500 |
|
|
|a "To serve as a basis for the author's participation in the Round Table on European and African Chronology, International Symposium on Early Man, Academy of Natural Sciences, Philadelphia, March 17, 1937."
|
| 650 |
|
0 |
|a Stone age
|z Europe.
|
| 650 |
|
0 |
|a Stone age
|z Africa.
|
| 740 |
0 |
|
|a Palaeolithic facies in Europe and Africa.
|
| 999 |
|
|
|a MARS
|
| 999 |
f |
f |
|s 5f4ea4c3-2667-3a00-96d0-e606b3ee8d4e
|i f6e95c22-a80a-3935-8ad6-242f34fc01e7
|t 0
|
| 952 |
f |
f |
|p ric
|a Texas A&M University
|b Rellis Campus
|c Joint Library Facility
|d Remote Storage
|t 0
|e GN776.2.A1 B69 1937
|h Library of Congress classification
|i unmediated -- volume
|m A14813788274
|
| 998 |
f |
f |
|a GN776.2.A1 B69 1937
|t 0
|l Remote Storage
|